|
|
|
|
| LEADER |
01281nam a2200289 a 4500 |
| 001 |
GR-Patra14287 |
| 008 |
010704s1999 gr g 000 b gre d |
| 020 |
|
|
|a 9602939451
|
| 040 |
|
|
|a GrPaTEI
|b gre
|c GR-PaULI
|
| 040 |
|
|
|a GrPaTEI
|b gre
|c GR-PaULI
|
| 082 |
|
0 |
|a 172
|2 21
|
| 100 |
1 |
|
|a Machiavelli, Niccolo
|
| 245 |
1 |
2 |
|a Ο Ηγεμόνας /
|c Νικκολό Μακιαβέλι ; μετάφραση Μαρία Κασωτάκη.
|
| 250 |
|
|
|a 6η εκδ.
|
| 260 |
|
|
|a Αθήνα :
|b εκδόσεις Πατάκη,
|c 1999
|
| 300 |
|
|
|a 145σ.
|
| 490 |
1 |
|
|a Κλασικά κείμενα. 5
|
| 650 |
|
4 |
|a Ηγεμονίες
|
| 650 |
|
4 |
|a ΠΟΛΙΤΙΚΗ ΕΠΙΣΤΗΜΗ
|
| 650 |
|
4 |
|a Φιλοσοφία
|
| 700 |
1 |
|
|a Κασωτάκη, Μαρία
|
| 830 |
|
0 |
|1 00114288
|1 2001
|a Κλασικά κείμενα
|
| 942 |
|
|
|2 ddc
|
| 952 |
|
|
|0 0
|1 0
|2 ddc
|4 0
|6 172_000000000000000_MAC
|7 0
|9 293266
|a LISK
|b LISK
|c BSC
|d 2021-01-17
|e 24
|f 0
|g 0.00
|l 0
|o 172 MAC
|p 92410018416
|r 2021-01-17 00:00:00
|t 1
|w 2021-01-17
|y BK15
|x 20010704 0 1
|x GrPaTEI
|
| 952 |
|
|
|0 0
|1 0
|2 ddc
|4 0
|6 172_000000000000000_MAC
|7 0
|9 293267
|a LISK
|b LISK
|c BSC
|d 2021-01-17
|e 24
|f 0
|g 0.00
|l 0
|o 172 MAC
|p 92410018417
|r 2021-01-17 00:00:00
|t 1
|w 2021-01-17
|y BK15
|x 20010704 0 1
|x GrPaTEI
|
| 971 |
|
|
|a .b26618023
|b 16-04-20
|c 23-09-16
|
| 999 |
|
|
|c 171427
|d 171427
|